000 00628nam a2200193 i 4500
001 75620
003 ES-MaACL
005 20251003180520.0
007 t|
008 040927m19201928sp ||||1| spa d
100 1 _aGrasset, Joseph (
_d1849-1918)
_9152573
245 1 0 _aTratado de fisiopatología clínica /
_cpor J. Grasset ; versión bajo la dirección del Dr. Augusto Pí Suñer.
250 _a2ª ed. rev. y aum
_bpor Rimbaud.
260 _aBarcelona :
_bSalvat,
_c1920-28.
300 _a3 v. ;
_c26 cm.
700 1 _aPi Suñer, Augusto,
_d1879-1965
_991726
852 _aES-MaACL
_jB-12156-58
999 _c75620
_d75620